| 000 | 00699cam a2200205 4500 | ||
|---|---|---|---|
| 001 | WB3731-32 | ||
| 008 | 010808n2001 000 0 eng u | ||
| 035 | _a(Sirsi) u114016 | ||
| 245 | _aRICS welcomes drive over leases | ||
| 260 | _c2001 | ||
| 490 |
_aRICS Press Release _v(pr014) 1 August 2001, (2) |
||
| 520 | _aRICS welcomes government drive to reform commercial leases and revise the code of practice which will lay down a framework on how businesses negotiate tenancy agreements. | ||
| 590 | _aWB | ||
| 650 | _aCOMMERCIAL LEASES | ||
| 650 | _aPROPERTY INDUSTRY FORUM | ||
| 650 | _aUPWARD ONLY RENT REVIEWS | ||
| 650 | _aREFORM | ||
| 690 | _aLANDLORD AND TENANT-LEASES | ||
| 942 | _n0 | ||
| 999 |
_c67953 _d67953 |
||